| 000 | 00629nam a2200217 a 4500 | ||
|---|---|---|---|
| 999 |
_c6254 _d6254 |
||
| 001 | 6254 | ||
| 003 | BD-JhCC | ||
| 005 | 20181204101433.0 | ||
| 008 | 171031s1963 bg |||| ||b| 000 0 ben d | ||
| 035 | _a(BD-JhCC)6254 | ||
| 040 |
_aBD-JhCC _dBD-JhCC |
||
| 041 | _aben | ||
| 082 |
_a370 _bHAK 1963 |
||
| 100 | _aহাকিম, আবদুল | ||
| 245 |
_aআধুনিক শিক্ষা বিজ্ঞান / _cআবদুল হাকিম, |
||
| 260 |
_aঢাকা : _bহাকিমস বুকশপ, _c1963. |
||
| 300 |
_a336 p. : _c22 cm. |
||
| 650 | _aEducation | ||
| 942 |
_2ddc _cBK |
||